Κατάλογος Βιβλιοθηκών Mediterranean College

Μεθοδολογία Επιστημονικής Έρευνας. (Record no. 8166)

MARC details
000 -LEADER
fixed length control field 02304cam a22001814a 4500
005 - ΗΜΕΡΟΜΗΝΙΑ ΚΑΙ ΩΡΑ ΤΕΛΕΥΤΑΙΑΣ ΕΝΗΜΕΡΩΣΗΣ
Πεδίο ελέγχου 20250605164328.0
008 - FIXED-LENGTH DATA ELEMENTS--GENERAL INFORMATION
Πεδίο ελέγχου σταθερού μήκους 250528s ||||||||||||||||||||||||d
035 ## - SYSTEM CONTROL NUMBER
System control number 23136
040 ## - ΠΗΓΗ ΚΑΤΑΛΟΓΟΓΡΑΦΗΣΗΣ
Φορέας πρωτότυπης καταλογογράφησης MC Athens Campus Library
Γλώσσα καταλογογράφησης Ελληνικά, Μοντέρνα (1453-)
Modifying agency MC Athens Campus Library
Κανόνες περιγραφικής καταλογογράφησης AACR2
245 1# - ΤΙΤΛΟΣ ΚΑΙ ΔΗΛΩΣΗ ΥΠΕΥΘΥΝΟΤΗΤΑΣ
Τίτλος Μεθοδολογία Επιστημονικής Έρευνας.
Number of part/section of a work Τόμος 1
260 ## - PUBLICATION, DISTRIBUTION, ETC.
Name of publisher, distributor, etc. Αθήνα,
Date of publication, distribution, etc. 1993
300 ## - PHYSICAL DESCRIPTION
Extent 212
520 ## - SUMMARY, ETC.
Summary, etc. Έννοια, χαρακτηριστικά, είδη και στάδια της επιστημονικής έρευνας, επιλογή και διατύπωση του ερευνητικού προβλήματος, ερευνητικές στρατηγικές: Διερευνητική περιγραφική συναφειακη αιτιώδης ex post factor πειραματική, σχέδια πειραματικής έρευνας. Πρόλογος, Περιεχόμενα, Έννοια της Επιστημονικής Έρευνας, Χαρακτηριστικά της Επιστημονικής Έρευνας, Είδη της Επιστημονικής Έρευνας, Στάδια της Επιστημονικής Έρευνας, Επιλογή και Διατύπωση του Ερευνητικού Προβλήματος, Κριτήρια Επιλογής του Ερευνητικού Προβλήματος, Διαδικασία Επιλογής του Ερευνητικού Προβλήματος, Ανασκόπηση της Βιβλιογραφίας, Διατύπωση των Συγκεκριμένων Ερωτηματων του Ερευνητικού Προβλήματος, Επιλογή Ερευνητικής Στρατηγικής Ι: Εισαγωγικό Μέρος, Έννοια και Χρησιμότητα και Είδη Ερευνητικών Στρατηγικών, Επιλογή Ερευνητικής Στρατηγικής ΙΙ: Νατουραλιστικές Στρατηγικές, Διερευνητική Περιγραφική Στρατηγική, Συναφειακή Στρατηγική (Αριθμητικοί Δείκτες Συνάφειας), Σύγκριση Διαφορικών Ομάδων (ex post facto σύγκριση).
700 1# - ΠΡΟΣΘΕΤΗ ΑΝΑΓΡΑΦΗ--ΦΥΣΙΚΟ ΠΡΟΣΩΠΟ
Personal name Παρασκευοπουλος Ιωαννης Ν
9 (RLIN) 2858
942 ## - ADDED ENTRY ELEMENTS (KOHA)
Koha item type Books
Holdings
Τύπος τεκμηρίου Βιβλιοθήκη Τρέχουσα τοποθεσία Barcode Αριθμός εισαγωγής Ημερομηνία απόκτησης Ταξιθετικό σύμβολο Αριθμός αντιτύπου Κατάσταση απόσυρσης Κατάσταση χαμένου Κατάσταση κατεστραμμένου Μη δανεισμός Σύνολο δανεισμών Σύνολο ανανεώσεων Ημερομηνία τελευταίας εμφάνισης Χρονολογία τελευταίου δανεισμού Η τιμή ισχύει από
Books MC Athens Campus Library MC Athens Campus Library 9780000081650 7650 05/06/2025 001.42 PAR V.1 1         1 2 02/04/2026 27/03/2026 05/06/2025

MC Athens Campus Library
Πατησίων 94 & Κοδριγκτώνος 13, 104 34
Πελλήνης 8 & Πατησίων 107, 112 51
Τ: +30 210 8899600

MC Thessaloniki Campus Library
Ίωνος Δραγούμη 21, 54625 | Ίωνος Δραγούμη 15, 54625
Τ: +30 2310 287779 – Τ: +30 2314 440300